World development report, 1992 : (Record no. 62744)
[ view plain ]
| 000 -LEADER | |
|---|---|
| fixed length control field | 00877nam a2200277 a 4500 |
| 001 - CONTROL NUMBER | |
| control field | 62744 |
| 003 - CONTROL NUMBER IDENTIFIER | |
| rucl marc code | BD-RjUL |
| 005 - DATE AND TIME OF LATEST TRANSACTION | |
| control field | 20211209081122.0 |
| 008 - FIXED-LENGTH DATA ELEMENTS--GENERAL INFORMATION | |
| fixed length control field | 170125s1992 enkabd bs i000 0 eng d |
| 020 ## - INTERNATIONAL STANDARD BOOK NUMBER | |
| International Standard Book Number | 0195208765 (pbk) |
| International Standard Book Number | 0195208773 (cl.) |
| 035 ## - SYSTEM CONTROL NUMBER | |
| System control number | (BD-RjUL) 62871 |
| 040 ## - CATALOGING SOURCE | |
| Original cataloging agency | BD-RjUL |
| Language of cataloging | eng |
| Transcribing agency | BD-RjUL |
| Modifying agency | BD-RjUL |
| 041 ## - LANGUAGE CODE | |
| Language code of text/sound track or separate title | eng |
| 082 ## - DEWEY DECIMAL CLASSIFICATION NUMBER | |
| Edition number | 23 |
| Classification number | 338.91724 |
| Author mark and year | WOR 1992 |
| 245 10 - TITLE STATEMENT | |
| Title | World development report, 1992 : |
| Remainder of title | development and the environment / |
| Statement of responsibility, etc. | Andrew Steer ; Dennis Anderson ... et al. |
| 260 ## - PUBLICATION, DISTRIBUTION, ETC. (IMPRINT) | |
| Place of publication, distribution, etc. | New York : |
| Name of publisher, distributor, etc. | Oxford University Press, |
| Date of publication, distribution, etc. | c1992. |
| 300 ## - PHYSICAL DESCRIPTION | |
| Pagination | xii, 308 p. : |
| Illustrations | ills. ; |
| Size | 27 cm. |
| 650 #0 - SUBJECT ADDED ENTRY--TOPICAL TERM | |
| Topical term or geographic name as entry element | Ecology. |
| 9 (RLIN) | 170271 |
| Topical term or geographic name as entry element | Economic development. |
| 9 (RLIN) | 170469 |
| Topical term or geographic name as entry element | Force and energy. |
| 9 (RLIN) | 186507 |
| 700 1# - ADDED ENTRY--PERSONAL NAME | |
| Personal name | Steer, Andrew. |
| Personal name | Anderson, Dennis. |
| 710 2# - ADDED ENTRY--CORPORATE NAME | |
| Corporate name or jurisdiction name as entry element | World Bank. |
| 9 (RLIN) | 171728 |
| 942 ## - ADDED ENTRY ELEMENTS (KOHA) | |
| Source of classification or shelving scheme | Dewey Decimal Classification |
| Koha item type | Books |
| Lost status | Source of classification or shelving scheme | Damaged status | Not for loan | Collection code | Permanent Location | Current Location | Shelving location | Date acquired | Source of acquisition | Total Checkouts | Full call number | Date last seen | Copy number | Koha item type |
|---|---|---|---|---|---|---|---|---|---|---|---|---|---|---|
| Dewey Decimal Classification | Not For Loan | Non-fiction | Central Library, University of Rajshahi | Central Library, University of Rajshahi | Reading Room | 16/07/1994 | R.U.C.L. | 338.91724 WOR 1992 | 25/01/2017 | C-1 | Books |